Statistiques concernant Films avec Kad Merad par image

Cliquez ici pour prendre le quiz!

Statistiques générales

  • Ce quiz a été pris 128 fois
  • Le résultat moyen est 6 sur 16

Statistiques - réponses

Réponse% Correct
Bienvenue chez les Ch'tis
96%
Le Petit Nicolas
96%
Les Choristes
70%
Safari
60%
Supercondriaque
52%
Le Doudou
49%
Bis
43%
Mais qui a tué Pamela Rose ?
43%
Iznogoud
34%
Just a Gigolo
23%
Marseille
23%
La Vie pour de vrai
16%
L'Immortel
11%
Monsieur Papa
10%
On a marché sur Bangkok
10%
Le Grand Méchant Loup
2%

Distribution des résultats

Percentile par nombre de réponses

% des personnes avec chaque résultat

Votre développement - résultats

Vous n’avez pas pris ce quiz